000 00638nam a22002417a 4500
999 _c386958
_d386958
001 100739
003 UA-OsUOA
005 20200212144450.0
007 ta
008 20130529b un ||||| |||| 00| 0 ukr d
040 _aUA-OsUOA
_brus
_cUA-OsUOA
_dUA-OsUOA
041 _arus
080 _a821.161.1
090 _a821.161.1
_bФ96
100 _aФучик Ю.
245 _aИзбранное
260 _aМ.
_bПравда
_c1956
300 _a752 с.
650 7 _a82 Література. Літературознавство
_2UDC
942 _cBK
_2udc
955 _a3